| 000 | 03136nam a2200397 i 4500 | ||
|---|---|---|---|
| 001 | ebr10802613 | ||
| 003 | CaPaEBR | ||
| 006 | m o d | ||
| 007 | cr cn||||||||| | ||
| 008 | 130416t20142014enka ob 001 0 eng|d | ||
| 020 | _z9781409439349 (hardback : alk. paper) | ||
| 020 | _a9781409439356 (e-book) | ||
| 040 |
_aCaPaEBR _beng _erda _epn _cCaPaEBR |
||
| 050 | 1 | 4 |
_aCC77.H5 _bW45 2014eb |
| 082 | 0 | 4 |
_a930.1 _223 |
| 245 | 0 | 0 |
_aWho needs experts? : _bcounter-mapping cultural heritage / _cedited by John Schofield. |
| 264 | 1 |
_aFarnham, Surry, UK ; _aBurlington, VT : _bAshgate, _c[2014] |
|
| 264 | 4 | _c�2014 | |
| 300 |
_a1 online resource (277 pages) : _billustrations. |
||
| 336 |
_atext _2rdacontent |
||
| 337 |
_acomputer _2rdamedia |
||
| 338 |
_aonline resource _2rdacarrier |
||
| 440 | 0 | _aHeritage, culture, and identity | |
| 504 | _aIncludes bibliographical references and index. | ||
| 505 | 0 | _aHeritage expertise and the everyday : citizens and authority in the twenty-first century / John Schofield -- Revisiting the Dewey-Lippman debate, Faro and expertise in the humanities / Stephanie Koerner -- Ethnography of a "humble expert" : experiencing Faro / Sarah Wolferstan -- The old bag's way : space and power in contemporary heritage / Paul Graves-Brown -- Counter-mapping and migrancy on the Georges River / Denis Byrne -- Faro and the LGBT heritage community / Rebecca Dierschow -- More than a sensitive ear : what to expect of a heritage expert / Mats Burstrom -- Who would believe experts? : interrogating the discourses of archaeological and interest groups in two recent heritage disputes in Ireland / Tadhg O'Keeffe -- Cinema under the stars, heritage from below / Brett Lashua and Simon Baker -- Finding people in the heritage of Bankside, Southwark / Don Henson -- Punks and drunks : mapping homelessness in Bristol and York / Rachael Kiddey -- Local world heritage : relocating expertise in world heritage management / Dominic Walker -- Contesting the "expert" at the former Bradford Odeon, West Yorkshire / Stella Jackson -- A most peculiar memorial : cultural heritage and fiction / Melissa Beattie -- Reykjavik's abandoned building sites : heritage of an economic collapse / Gisli Palsson and Pall Haukur Bjornsson -- What was wrong with Dufton? : reflections on counter-mapping : self, alterity and community / Graham Fairclough. | |
| 588 | _aDescription based on print version record. | ||
| 590 | _aElectronic reproduction. Palo Alto, Calif. : ebrary, 2013. Available via World Wide Web. Access may be limited to ebrary affiliated libraries. | ||
| 650 | 0 | _aArchaeology and history. | |
| 650 | 0 | _aCultural property. | |
| 650 | 0 | _aLocal history. | |
| 655 | 0 | _aElectronic books. | |
| 700 | 1 |
_aSchofield, John, _d1948- |
|
| 776 | 0 | 8 |
_iPrint version: _tWho needs experts? : counter-mapping cultural heritage. _dFarnham, Surry, UK : Ashgate, [2014] _hxvi, 260 pages _kHeritage, culture and identity _z9781409439349 _w(DLC) 2013011972 |
| 797 | 2 | _aebrary. | |
| 856 | 4 | 0 |
_uhttp://site.ebrary.com/lib/rucke/Doc?id=10802613 _zAn electronic book accessible through the World Wide Web; click to view |
| 999 |
_c144413 _d144413 |
||